[Event "2023 National K-12 Grade Championships"]
[Site "Orlando, Florida, United States"]
[Date "2023.12.16"]
[Round "3.7"]
[White "Kaplan, Avi Harrison"]
[Black "Qin, Kevin"]
[Result "1-0"]
[TimeControl "G/90;d10"]
[WhiteElo "2306"]
[BlackElo "2104"]

1. c4 {[%clk 01:29:24]} {[%emt 00:00:44]} e5 {[%clk 01:30:00]} {[%emt
00:00:04]} 2. a3 {[%clk 01:29:24]} {[%emt 00:00:06]} Nf6 {[%clk 01:29:47]}
{[%emt 00:00:23]} 3. d3 {[%clk 01:29:09]} {[%emt 00:00:25]} a5 {[%clk
01:28:31]} {[%emt 00:01:27]} 4. Nf3 {[%clk 01:28:00]} {[%emt 00:01:18]} d6
{[%clk 01:27:15]} {[%emt 00:01:26]} 5. Nc3 {[%clk 01:26:29]} {[%emt 00:01:41]}
g6 {[%clk 01:27:04]} {[%emt 00:00:21]} 6. g3 {[%clk 01:25:55]} {[%emt
00:00:44]} Bg7 {[%clk 01:27:04]} {[%emt 00:00:06]} 7. Bg2 {[%clk 01:25:55]}
{[%emt 00:00:04]} O-O {[%clk 01:27:04]} {[%emt 00:00:06]} 8. O-O {[%clk
01:25:54]} {[%emt 00:00:10]} c6 {[%clk 01:27:01]} {[%emt 00:00:14]} 9. Rb1
{[%clk 01:24:09]} {[%emt 00:01:54]} Re8 {[%clk 01:26:58]} {[%emt 00:00:14]} 10.
e4 {[%clk 01:18:16]} {[%emt 00:06:02]} h6 {[%clk 01:17:27]} {[%emt 00:09:41]}
11. Re1 {[%clk 01:16:20]} {[%emt 00:02:04]} Be6 {[%clk 01:10:36]} {[%emt
00:07:03]} 12. h3 {[%clk 01:13:21]} {[%emt 00:03:09]} Qc8 {[%clk 01:08:34]}
{[%emt 00:02:12]} 13. Kh2 {[%clk 01:12:07]} {[%emt 00:01:23]} Nbd7 {[%clk
01:08:32]} {[%emt 00:00:13]} 14. b3 {[%clk 01:06:11]} {[%emt 00:06:06]} d5
{[%clk 01:02:18]} {[%emt 00:06:24]} 15. exd5 {[%clk 01:05:37]} {[%emt
00:00:43]} cxd5 {[%clk 01:02:02]} {[%emt 00:00:27]} 16. Nb5 {[%clk 01:04:30]}
{[%emt 00:01:17]} Ra6 {[%clk 00:56:36]} {[%emt 00:05:35]} 17. Bb2 {[%clk
00:59:35]} {[%emt 00:05:05]} d4 {[%clk 00:54:44]} {[%emt 00:02:02]} 18. b4
{[%clk 00:58:24]} {[%emt 00:01:21]} axb4 {[%clk 00:52:14]} {[%emt 00:02:41]} 19.
axb4 {[%clk 00:58:24]} {[%emt 00:00:07]} Qb8 {[%clk 00:50:48]} {[%emt
00:01:36]} 20. Bc1 {[%clk 00:50:42]} {[%emt 00:07:52]} Re7 {[%clk 00:48:32]}
{[%emt 00:02:27]} 21. Nd2 {[%clk 00:45:15]} {[%emt 00:05:36]} Ne8 {[%clk
00:46:04]} {[%emt 00:02:38]} 22. Nb3 {[%clk 00:41:25]} {[%emt 00:04:00]} b6
{[%clk 00:39:58]} {[%emt 00:06:16]} 23. Bd2 {[%clk 00:37:14]} {[%emt 00:04:20]}
Nc7 {[%clk 00:37:48]} {[%emt 00:02:20]} 24. Nxc7 {[%clk 00:33:40]} {[%emt
00:03:44]} Qxc7 {[%clk 00:37:48]} {[%emt 00:00:02]} 25. b5 {[%clk 00:31:41]}
{[%emt 00:02:09]} Ra2 {[%clk 00:36:23]} {[%emt 00:01:35]} 26. Bb4 {[%clk
00:27:25]} {[%emt 00:04:25]} Re8 {[%clk 00:36:06]} {[%emt 00:00:28]} 27. Re2
{[%clk 00:27:25]} {[%emt 00:00:02]} Rxe2 {[%clk 00:32:52]} {[%emt 00:03:25]} 28.
Qxe2 {[%clk 00:27:25]} {[%emt 00:00:06]} f5 {[%clk 00:32:09]} {[%emt 00:00:53]}
29. Bc6 {[%clk 00:22:12]} {[%emt 00:05:22]} Bf7 {[%clk 00:26:34]} {[%emt
00:05:45]} 30. c5 {[%clk 00:18:51]} {[%emt 00:03:32]} Rd8 {[%clk 00:23:07]}
{[%emt 00:03:36]} 31. Qc2 {[%clk 00:14:53]} {[%emt 00:04:08]} Bf8 {[%clk
00:17:18]} {[%emt 00:05:59]} 32. cxb6 {[%clk 00:13:49]} {[%emt 00:01:15]} Nxb6
{[%clk 00:17:17]} {[%emt 00:00:10]} 33. Ba5 {[%clk 00:09:57]} {[%emt 00:04:02]}
Rc8 {[%clk 00:14:53]} {[%emt 00:02:34]} 34. Nc5 {[%clk 00:08:20]} {[%emt
00:01:46]} Qb8 {[%clk 00:13:50]} {[%emt 00:01:13]} 35. Bxb6 {[%clk 00:06:27]}
{[%emt 00:02:04]} Qxb6 {[%clk 00:13:50]} {[%emt 00:00:06]} 36. Nd7 {[%clk
00:06:27]} {[%emt 00:00:04]} Qc7 {[%clk 00:11:15]} {[%emt 00:02:46]} 37. Nxf8
{[%clk 00:05:28]} {[%emt 00:01:08]} Kxf8 {[%clk 00:10:53]} {[%emt 00:00:32]} 38.
b6 {[%clk 00:03:57]} {[%emt 00:01:41]} Qd6 {[%clk 00:10:43]} {[%emt 00:00:21]}
39. b7 {[%clk 00:03:57]} {[%emt 00:00:04]} Rb8 {[%clk 00:10:42]} {[%emt
00:00:10]} 40. Bf3 {[%clk 00:03:45]} {[%emt 00:00:21]} Ke7 {[%clk 00:08:45]}
{[%emt 00:02:08]} 41. Rc1 {[%clk 00:03:24]} {[%emt 00:00:31]} Be6 {[%clk
00:08:00]} {[%emt 00:00:55]} 42. Qd2 {[%clk 00:02:53]} {[%emt 00:00:40]} g5
{[%clk 00:06:31]} {[%emt 00:01:40]} 43. Rc6 {[%clk 00:02:53]} {[%emt 00:00:10]}
Qd7 {[%clk 00:06:19]} {[%emt 00:00:23]} 44. Qb4+ {[%clk 00:02:44]} {[%emt
00:00:17]} Kf7 {[%clk 00:06:07]} {[%emt 00:00:23]} 45. Rd6 {[%clk 00:02:42]}
{[%emt 00:00:11]} Qe7 {[%clk 00:05:47]} {[%emt 00:00:30]} 46. Qb6 {[%clk
00:02:36]} {[%emt 00:00:16]} e4 {[%clk 00:05:01]} {[%emt 00:00:57]} 47. Bh5+
{[%clk 00:01:32]} {[%emt 00:01:13]} Kf8 {[%clk 00:04:59]} {[%emt 00:00:13]} 48.
Rxe6 {[%clk 00:01:30]} {[%emt 00:00:11]} Rxb7 {[%clk 00:04:59]} 49. Rf6+ {[%clk
00:01:15]} {[%emt 00:00:24]} Kg7 {[%clk 00:04:51]} {[%emt 00:00:19]} 50. Rg6+
{[%clk 00:01:15]} {[%emt 00:00:02]} Kf8 {[%clk 00:04:43]} {[%emt 00:00:19]} 51.
Qxd4 {[%clk 00:01:15]} {[%emt 00:00:05]} Qh7 {[%clk 00:04:01]} {[%emt
00:00:53]} 52. Qd8+ {[%clk 00:01:15]} {[%emt 00:00:05]} Kf7 {[%clk 00:04:01]}
{[%emt 00:00:09]} 53. Rf6+ {[%clk 00:01:15]} {[%emt 00:00:06]} 1-0

[Event "2023 National K-12 Grade Championships"]
[Site "Orlando, Florida, United States"]
[Date "2023.12.16"]
[Round "3.8"]
[White "Yehamandram, Yogeshwar"]
[Black "Underwood, Toshinori"]
[Result "1/2-1/2"]
[TimeControl "G/90;d10"]
[WhiteElo "2123"]
[BlackElo "2255"]

1. Nf3 {[%clk 01:29:50]} {[%emt 00:00:19]} Nf6 {[%clk 01:29:53]} {[%emt
00:00:17]} 2. g3 {[%clk 01:29:10]} {[%emt 00:00:50]} e6 {[%clk 01:29:45]}
{[%emt 00:00:19]} 3. Bg2 {[%clk 01:29:10]} {[%emt 00:00:08]} d5 {[%clk
01:29:39]} {[%emt 00:00:16]} 4. O-O {[%clk 01:29:08]} {[%emt 00:00:12]} Be7
{[%clk 01:29:39]} {[%emt 00:00:05]} 5. d3 {[%clk 01:28:05]} {[%emt 00:01:12]}
O-O {[%clk 01:28:03]} {[%emt 00:01:45]} 6. Bg5 {[%clk 01:27:30]} {[%emt
00:00:46]} h6 {[%clk 01:26:59]} {[%emt 00:01:15]} 7. Bxf6 {[%clk 01:26:43]}
{[%emt 00:00:57]} Bxf6 {[%clk 01:26:52]} {[%emt 00:00:17]} 8. c3 {[%clk
01:26:43]} {[%emt 00:00:07]} b6 {[%clk 01:20:27]} {[%emt 00:06:36]} 9. Qc2
{[%clk 01:23:23]} {[%emt 00:03:29]} Bb7 {[%clk 01:19:56]} {[%emt 00:00:42]} 10.
Nbd2 {[%clk 01:22:57]} {[%emt 00:00:36]} Nd7 {[%clk 01:18:56]} {[%emt
00:01:10]} 11. Rad1 {[%clk 01:22:47]} {[%emt 00:00:21]} c5 {[%clk 01:18:22]}
{[%emt 00:00:44]} 12. e4 {[%clk 01:20:42]} {[%emt 00:02:14]} Qc7 {[%clk
01:18:05]} {[%emt 00:00:28]} 13. Rfe1 {[%clk 01:16:05]} {[%emt 00:04:47]} Rfd8
{[%clk 01:17:41]} {[%emt 00:00:33]} 14. Nf1 {[%clk 01:07:43]} {[%emt 00:08:32]}
dxe4 {[%clk 01:07:24]} {[%emt 00:10:28]} 15. dxe4 {[%clk 01:07:43]} {[%emt
00:00:07]} b5 {[%clk 01:07:24]} {[%emt 00:00:08]} 16. c4 {[%clk 00:53:25]}
{[%emt 00:14:28]} a6 {[%clk 00:51:18]} {[%emt 00:16:16]} 17. b3 {[%clk
00:39:58]} {[%emt 00:13:36]} Ne5 {[%clk 00:48:24]} {[%emt 00:03:04]} 18. Qe2
{[%clk 00:32:34]} {[%emt 00:07:32]} Bc6 {[%clk 00:40:36]} {[%emt 00:08:01]} 19.
Nxe5 {[%clk 00:24:16]} {[%emt 00:08:28]} Bxe5 {[%clk 00:40:36]} {[%emt
00:00:10]} 20. Ne3 {[%clk 00:23:50]} {[%emt 00:00:36]} Qb7 {[%clk 00:39:34]}
{[%emt 00:01:11]} 21. Qc2 {[%clk 00:15:18]} {[%emt 00:08:42]} Bd4 {[%clk
00:38:18]} {[%emt 00:01:27]} 22. Kh1 {[%clk 00:14:00]} {[%emt 00:01:27]} Rd7
{[%clk 00:31:59]} {[%emt 00:06:29]} 23. f4 {[%clk 00:08:43]} {[%emt 00:05:28]}
Rad8 {[%clk 00:31:08]} {[%emt 00:01:01]} 24. Nf1 {[%clk 00:07:55]} {[%emt
00:00:58]} b4 {[%clk 00:29:08]} {[%emt 00:02:10]} 25. Qe2 {[%clk 00:06:11]}
{[%emt 00:01:53]} a5 {[%clk 00:28:11]} {[%emt 00:01:08]} 26. h4 {[%clk
00:05:18]} {[%emt 00:01:03]} a4 {[%clk 00:27:53]} {[%emt 00:00:29]} 27. h5
{[%clk 00:03:30]} {[%emt 00:01:58]} Qa8 {[%clk 00:25:16]} {[%emt 00:02:46]} 28.
Rd3 {[%clk 00:02:49]} {[%emt 00:00:51]} axb3 {[%clk 00:17:08]} {[%emt
00:08:18]} 29. axb3 {[%clk 00:02:49]} {[%emt 00:00:02]} Bc3 {[%clk 00:14:26]}
{[%emt 00:02:51]} 30. Red1 {[%clk 00:02:00]} {[%emt 00:00:59]} Rd4 {[%clk
00:13:24]} {[%emt 00:01:11]} 31. Rxd4 {[%emt 00:03:48]} Bxd4 {[%clk 00:10:02]}
{[%emt 00:00:15]} 32. e5 {[%clk 00:00:59]} {[%emt 00:00:51]} Bxg2+ {[%clk
00:08:14]} {[%emt 00:01:58]} 33. Qxg2 {[%clk 00:00:59]} Qa3 {[%clk 00:08:14]}
{[%emt 00:00:07]} 34. Qc2 {[%clk 00:00:44]} {[%emt 00:00:26]} Ra8 {[%clk
00:07:45]} {[%emt 00:00:39]} 35. Nd2 {[%clk 00:00:36]} {[%emt 00:00:18]} Qa7
{[%clk 00:06:44]} {[%emt 00:01:11]} 36. Kh2 {[%clk 00:00:35]} {[%emt 00:00:11]}
Qb6 {[%clk 00:05:21]} {[%emt 00:01:32]} 37. Nf3 {[%clk 00:00:32]} {[%emt
00:00:13]} Ra3 {[%clk 00:03:49]} {[%emt 00:01:42]} 38. Nxd4 {[%clk 00:00:27]}
{[%emt 00:00:15]} cxd4 {[%clk 00:03:49]} {[%emt 00:00:01]} 39. c5 {[%clk
00:00:27]} {[%emt 00:00:04]} Qa7 {[%clk 00:03:48]} {[%emt 00:00:11]} 40. Rxd4
{[%clk 00:00:27]} {[%emt 00:00:10]} Qa8 {[%clk 00:03:26]} {[%emt 00:00:33]} 41.
Rd2 {[%clk 00:00:27]} {[%emt 00:00:10]} Ra1 {[%clk 00:03:26]} {[%emt 00:00:10]}
42. c6 {[%clk 00:00:27]} {[%emt 00:00:05]} Kh8 {[%clk 00:02:40]} {[%emt
00:00:55]} 43. Qc5 {[%clk 00:00:22]} {[%emt 00:00:14]} Kh7 {[%clk 00:02:00]}
{[%emt 00:00:51]} 44. Qc2+ {[%clk 00:00:22]} {[%emt 00:00:02]} Kh8 {[%clk
00:02:00]} 45. Qc5 {[%clk 00:00:22]} {[%emt 00:00:01]} 1/2-1/2

[Event "2023 National K-12 Grade Championships"]
[Site "Orlando, Florida, United States"]
[Date "2023.12.16"]
[Round "3.9"]
[White "Ngo, Bach"]
[Black "Nicholson, Ian"]
[Result "1-0"]
[TimeControl "G/90;d10"]
[WhiteElo "2446"]
[BlackElo "2079"]

1. d4 {[%clk 01:30:00]} {[%emt 00:00:06]} d5 {[%clk 01:30:00]} {[%emt
00:00:06]} 2. Nf3 {[%clk 01:29:57]} {[%emt 00:00:13]} Nf6 {[%clk 01:29:57]}
{[%emt 00:00:13]} 3. c4 {[%clk 01:29:57]} {[%emt 00:00:06]} c6 {[%clk
01:29:57]} {[%emt 00:00:04]} 4. Nc3 {[%clk 01:28:15]} {[%emt 00:01:51]} e6
{[%clk 01:29:42]} {[%emt 00:00:27]} 5. e3 {[%clk 01:27:58]} {[%emt 00:00:26]}
Nbd7 {[%clk 01:29:42]} {[%emt 00:00:11]} 6. Qc2 {[%clk 01:27:58]} {[%emt
00:00:07]} Bd6 {[%clk 01:29:42]} {[%emt 00:00:11]} 7. b3 {[%clk 01:27:50]}
{[%emt 00:00:18]} O-O {[%clk 01:29:31]} {[%emt 00:00:21]} 8. Be2 {[%clk
01:27:50]} {[%emt 00:00:07]} b6 {[%clk 01:29:31]} {[%emt 00:00:09]} 9. O-O
{[%clk 01:27:45]} {[%emt 00:00:14]} Bb7 {[%clk 01:29:31]} {[%emt 00:00:08]} 10.
Bb2 {[%clk 01:27:45]} {[%emt 00:00:06]} Re8 {[%clk 01:28:56]} {[%emt 00:00:45]}
11. Rad1 {[%clk 01:27:30]} {[%emt 00:00:24]} Qe7 {[%clk 01:28:12]} {[%emt
00:00:55]} 12. Rfe1 {[%clk 01:27:27]} {[%emt 00:00:11]} Rad8 {[%clk 01:27:39]}
{[%emt 00:00:46]} 13. g3 {[%clk 01:27:19]} {[%emt 00:00:18]} c5 {[%clk
01:20:57]} {[%emt 00:06:52]} 14. cxd5 {[%clk 01:25:43]} {[%emt 00:01:44]} exd5
{[%clk 01:20:26]} {[%emt 00:00:43]} 15. Bf1 {[%clk 01:24:25]} {[%emt 00:01:27]}
Nf8 {[%clk 01:06:57]} {[%emt 00:13:40]} 16. Bg2 {[%clk 01:21:27]} {[%emt
00:03:06]} Bc6 {[%clk 01:05:44]} {[%emt 00:01:25]} 17. Nh4 {[%clk 01:12:42]}
{[%emt 00:08:54]} Qb7 {[%clk 01:02:24]} {[%emt 00:03:32]} 18. Nf5 {[%clk
01:12:38]} {[%emt 00:00:14]} Bb8 {[%clk 00:59:33]} {[%emt 00:03:02]} 19. dxc5
{[%clk 01:12:13]} {[%emt 00:00:35]} bxc5 {[%clk 00:58:42]} {[%emt 00:01:01]} 20.
Ne2 {[%clk 01:12:13]} {[%emt 00:00:06]} Be5 {[%clk 00:48:50]} {[%emt 00:10:03]}
21. Bxe5 {[%clk 01:08:34]} {[%emt 00:03:49]} Rxe5 {[%clk 00:48:50]} {[%emt
00:00:04]} 22. f4 {[%clk 01:08:21]} {[%emt 00:00:22]} Rxf5 {[%clk 00:38:08]}
{[%emt 00:10:53]} 23. Qxf5 {[%clk 01:08:04]} {[%emt 00:00:25]} Ne6 {[%clk
00:36:25]} {[%emt 00:01:54]} 24. h3 {[%clk 01:04:28]} {[%emt 00:03:45]} d4
{[%clk 00:33:35]} {[%emt 00:03:02]} 25. Bxc6 {[%clk 01:04:19]} {[%emt
00:00:18]} Qxc6 {[%clk 00:33:35]} {[%emt 00:00:03]} 26. exd4 {[%clk 01:03:55]}
{[%emt 00:00:33]} Rd5 {[%clk 00:33:17]} {[%emt 00:00:28]} 27. Qc2 {[%clk
01:01:39]} {[%emt 00:02:25]} Qb6 {[%clk 00:27:41]} {[%emt 00:05:47]} 28. Nc3
{[%clk 00:51:35]} {[%emt 00:10:14]} Rh5 {[%clk 00:22:07]} {[%emt 00:05:45]} 29.
Na4 {[%clk 00:48:43]} {[%emt 00:03:01]} Qc6 {[%clk 00:20:19]} {[%emt 00:01:57]}
30. Qg2 {[%clk 00:47:14]} {[%emt 00:01:39]} Qxg2+ {[%clk 00:18:09]} {[%emt
00:02:21]} 31. Kxg2 {[%clk 00:47:14]} {[%emt 00:00:06]} cxd4 {[%clk 00:18:00]}
{[%emt 00:00:21]} 32. Re5 {[%clk 00:47:11]} {[%emt 00:00:11]} Rxe5 {[%clk
00:16:33]} {[%emt 00:01:39]} 33. fxe5 {[%clk 00:47:11]} {[%emt 00:00:02]} Nd7
{[%clk 00:15:23]} {[%emt 00:01:21]} 34. Re1 {[%clk 00:47:11]} {[%emt 00:00:06]}
Kf8 {[%clk 00:14:46]} {[%emt 00:00:48]} 35. h4 {[%clk 00:46:51]} {[%emt
00:00:29]} Ke7 {[%clk 00:14:33]} {[%emt 00:00:24]} 36. Kf3 {[%clk 00:46:51]}
{[%emt 00:00:05]} Nb8 {[%clk 00:13:20]} {[%emt 00:01:24]} 37. Rc1 {[%clk
00:46:45]} {[%emt 00:00:14]} Na6 {[%clk 00:13:00]} {[%emt 00:00:31]} 38. Ke4
{[%clk 00:46:38]} {[%emt 00:00:15]} h6 {[%clk 00:11:18]} {[%emt 00:01:54]} 39.
a3 {[%clk 00:46:17]} {[%emt 00:00:29]} Kd7 {[%clk 00:08:33]} {[%emt 00:02:57]}
40. b4 {[%clk 00:46:17]} {[%emt 00:00:09]} g6 {[%clk 00:07:47]} {[%emt
00:00:57]} 41. b5 {[%clk 00:45:26]} {[%emt 00:00:59]} Nac7 {[%clk 00:07:47]}
{[%emt 00:00:05]} 42. b6 {[%clk 00:45:07]} {[%emt 00:00:28]} axb6 {[%clk
00:07:35]} {[%emt 00:00:23]} 43. Nxb6+ {[%clk 00:45:07]} {[%emt 00:00:06]} Kd8
{[%clk 00:07:28]} {[%emt 00:00:19]} 44. a4 {[%clk 00:44:43]} {[%emt 00:00:32]}
Na6 {[%clk 00:06:29]} {[%emt 00:01:10]} 45. Kd5 {[%clk 00:44:28]} {[%emt
00:00:25]} Ke7 {[%clk 00:06:29]} {[%emt 00:00:04]} 46. Kc4 {[%clk 00:43:47]}
{[%emt 00:00:50]} Nac5 {[%clk 00:06:19]} {[%emt 00:00:20]} 47. a5 {[%clk
00:43:33]} {[%emt 00:00:24]} d3 {[%clk 00:05:29]} {[%emt 00:01:00]} 48. Nd5+
{[%clk 00:42:43]} {[%emt 00:01:00]} Kd7 {[%clk 00:05:19]} {[%emt 00:00:21]} 49.
Nf4 {[%clk 00:42:43]} {[%emt 00:00:05]} d2 {[%clk 00:04:58]} {[%emt 00:00:31]}
50. Rd1 {[%clk 00:42:43]} {[%emt 00:00:06]} Ne4 {[%clk 00:04:31]} {[%emt
00:00:38]} 51. Nxe6 {[%clk 00:42:43]} {[%emt 00:00:10]} fxe6 {[%clk 00:04:16]}
{[%emt 00:00:25]} 52. Kd4 {[%clk 00:42:17]} {[%emt 00:00:35]} Nxg3 {[%clk
00:04:04]} {[%emt 00:00:22]} 53. Rxd2 {[%clk 00:42:17]} {[%emt 00:00:05]} Nf5+
{[%clk 00:04:02]} {[%emt 00:00:13]} 54. Kc5+ {[%clk 00:42:17]} {[%emt
00:00:04]} Kc7 {[%clk 00:04:02]} {[%emt 00:00:05]} 55. a6 {[%clk 00:42:15]}
{[%emt 00:00:12]} 1-0

[Event "2023 National K-12 Grade Championships"]
[Site "Orlando, Florida, United States"]
[Date "2023.12.16"]
[Round "3.10"]
[White "Roberts, Aston"]
[Black "Gao, Marvin"]
[Result "0-1"]
[TimeControl "G/90;d10"]
[WhiteElo "2075"]
[BlackElo "2306"]

1. e4 {[%clk 01:30:00]} {[%emt 00:00:01]} c5 {[%clk 01:25:44]} {[%emt
00:04:27]} 2. d3 {[%clk 01:30:00]} {[%emt 00:00:05]} g6 {[%clk 01:25:24]}
{[%emt 00:00:29]} 3. g3 {[%clk 01:30:00]} {[%emt 00:00:04]} Bg7 {[%clk
01:25:24]} {[%emt 00:00:09]} 4. Bg2 {[%clk 01:30:00]} {[%emt 00:00:06]} Nc6
{[%clk 01:24:24]} {[%emt 00:01:11]} 5. f4 {[%clk 01:29:39]} {[%emt 00:00:30]}
d6 {[%clk 01:22:45]} {[%emt 00:01:49]} 6. Nf3 {[%clk 01:29:38]} {[%emt
00:00:11]} Nf6 {[%clk 01:22:39]} {[%emt 00:00:15]} 7. O-O {[%clk 01:29:00]}
{[%emt 00:00:49]} O-O {[%clk 01:22:10]} {[%emt 00:00:40]} 8. c3 {[%clk
01:28:58]} {[%emt 00:00:12]} Qb6 {[%clk 01:17:19]} {[%emt 00:05:00]} 9. Qe2
{[%clk 01:23:05]} {[%emt 00:06:03]} c4+ {[%clk 01:07:30]} {[%emt 00:09:59]} 10.
d4 {[%clk 01:20:00]} {[%emt 00:03:15]} e5 {[%clk 01:07:30]} {[%emt 00:00:09]}
11. Kh1 {[%clk 01:03:43]} {[%emt 00:16:27]} exd4 {[%clk 01:05:33]} {[%emt
00:02:07]} 12. Nxd4 {[%clk 01:00:38]} {[%emt 00:03:15]} Nxd4 {[%clk 01:03:33]}
{[%emt 00:02:09]} 13. cxd4 {[%clk 01:00:38]} {[%emt 00:00:02]} Qxd4 {[%clk
01:02:52]} {[%emt 00:00:51]} 14. Rd1 {[%clk 00:58:15]} {[%emt 00:02:33]} Qc5
{[%clk 01:02:40]} {[%emt 00:00:21]} 15. Be3 {[%clk 00:55:51]} {[%emt 00:02:35]}
Qc7 {[%clk 00:55:08]} {[%emt 00:07:42]} 16. Bf3 {[%clk 00:50:11]} {[%emt
00:05:50]} Bd7 {[%clk 00:50:50]} {[%emt 00:04:28]} 17. Nc3 {[%clk 00:46:34]}
{[%emt 00:03:47]} Rfe8 {[%clk 00:50:30]} {[%emt 00:00:30]} 18. Qg2 {[%clk
00:39:17]} {[%emt 00:07:27]} Bc6 {[%clk 00:44:10]} {[%emt 00:06:31]} 19. Bd4
{[%clk 00:34:59]} {[%emt 00:04:29]} Nd7 {[%clk 00:35:53]} {[%emt 00:08:24]} 20.
Bxg7 {[%clk 00:33:42]} {[%emt 00:01:29]} Kxg7 {[%clk 00:35:17]} {[%emt
00:00:46]} 21. Qd2 {[%clk 00:33:11]} {[%emt 00:00:41]} Nf6 {[%clk 00:34:59]}
{[%emt 00:00:28]} 22. Qxd6 {[%clk 00:28:34]} {[%emt 00:04:46]} Qb6 {[%clk
00:29:17]} {[%emt 00:05:53]} 23. Qd4 {[%clk 00:24:14]} {[%emt 00:04:30]} Qxb2
{[%clk 00:28:10]} 24. Rab1 {[%clk 00:23:25]} {[%emt 00:02:15]} Qa3 {[%clk
00:27:29]} {[%emt 00:00:51]} 25. Bg2 {[%clk 00:20:54]} {[%emt 00:02:42]} Rad8
{[%clk 00:20:47]} {[%emt 00:06:51]} 26. Qxc4 {[%clk 00:20:54]} {[%emt
00:00:07]} Ng4 {[%clk 00:18:53]} {[%emt 00:02:04]} 27. Re1 {[%clk 00:11:51]}
{[%emt 00:09:13]} Rd2 {[%clk 00:17:16]} {[%emt 00:01:46]} 28. h3 {[%clk
00:09:17]} {[%emt 00:02:45]} Nf6 {[%clk 00:13:39]} {[%emt 00:03:47]} 29. Qb4
{[%clk 00:07:40]} {[%emt 00:01:47]} Qxb4 {[%clk 00:12:43]} {[%emt 00:01:05]} 30.
Rxb4 {[%clk 00:07:40]} {[%emt 00:00:01]} Rd3 {[%clk 00:12:34]} {[%emt
00:00:18]} 31. e5 {[%clk 00:05:54]} {[%emt 00:01:57]} Nh5 {[%clk 00:12:34]}
{[%emt 00:00:06]} 32. Bxc6 {[%clk 00:05:12]} {[%emt 00:00:52]} Nxg3+ {[%clk
00:12:34]} {[%emt 00:00:08]} 33. Kg2 {[%clk 00:05:11]} {[%emt 00:00:11]} bxc6
{[%clk 00:12:34]} {[%emt 00:00:02]} 34. Ne4 {[%clk 00:04:35]} {[%emt 00:00:47]}
Nf5 {[%clk 00:09:58]} {[%emt 00:02:47]} 35. Rb7 {[%clk 00:03:51]} {[%emt
00:00:54]} Nh4+ {[%clk 00:09:56]} {[%emt 00:00:11]} 36. Kf2 {[%clk 00:03:51]}
{[%emt 00:00:07]} Rf3+ {[%clk 00:09:56]} {[%emt 00:00:07]} 37. Ke2 {[%clk
00:03:51]} {[%emt 00:00:06]} Rxf4 {[%clk 00:09:56]} {[%emt 00:00:05]} 38. Kd3
{[%clk 00:03:25]} {[%emt 00:00:36]} Rxe5 {[%clk 00:09:49]} {[%emt 00:00:17]} 39.
Rxa7 {[%clk 00:02:56]} {[%emt 00:00:40]} Rd5+ {[%clk 00:09:25]} {[%emt
00:00:34]} 40. Kc3 {[%clk 00:02:43]} {[%emt 00:00:22]} Rf3+ {[%clk 00:09:25]}
{[%emt 00:00:08]} 41. Kc4 {[%clk 00:02:43]} {[%emt 00:00:05]} Rxh3 {[%clk
00:08:55]} {[%emt 00:00:39]} 42. Rc7 {[%clk 00:02:26]} {[%emt 00:00:28]} Nf3
{[%clk 00:08:49]} {[%emt 00:00:14]} 43. Rxc6 {[%clk 00:01:30]} {[%emt
00:01:07]} Rf5 {[%clk 00:08:22]} {[%emt 00:00:37]} 44. Rc7 {[%clk 00:01:29]}
{[%emt 00:00:12]} Nxe1 {[%clk 00:08:22]} {[%emt 00:00:04]} 0-1